Counseling psychology : (Record no. 9065)

MARC details
000 -LEADER
fixed length control field 00649nam a22002057a 4500
003 - CONTROL NUMBER IDENTIFIER
control field OSt
005 - DATE AND TIME OF LATEST TRANSACTION
control field 20260313004157.0
008 - FIXED-LENGTH DATA ELEMENTS--GENERAL INFORMATION
fixed length control field 260313b |||||||| |||| 00| 0 eng d
020 ## - INTERNATIONAL STANDARD BOOK NUMBER
International Standard Book Number 971-513-208-1.
040 ## - CATALOGING SOURCE
Original cataloging agency DWCL Main lib
Transcribing agency OC
082 ## - DEWEY DECIMAL CLASSIFICATION NUMBER
Edition number 1st ed.
Classification number Fil. 371.4 D326c 2006
100 ## - MAIN ENTRY--PERSONAL NAME
Personal name De Jesus, Evangeline M.
245 ## - TITLE STATEMENT
Title Counseling psychology :
Remainder of title theory and practice
Statement of responsibility, etc. Evangeline M. De Jesus
250 ## - EDITION STATEMENT
Edition statement 1st ed.
260 ## - PUBLICATION, DISTRIBUTION, ETC.
Place of publication, distribution, etc. Manila :
Name of publisher, distributor, etc. Educational Publishing House,
Date of publication, distribution, etc. c2006.
300 ## - PHYSICAL DESCRIPTION
Extent xii, 448 p. ;
Dimensions 22 cm.
504 ## - BIBLIOGRAPHY, ETC. NOTE
Bibliography, etc. note Includes bibliographical references.<br/>
650 ## - SUBJECT ADDED ENTRY--TOPICAL TERM
Topical term or geographic name entry element Counseling.
942 ## - ADDED ENTRY ELEMENTS (KOHA)
Source of classification or shelving scheme Dewey Decimal Classification
Koha item type Book-Filipiniana
Edition 1st ed.
Call number prefix Fil.
Suppress in OPAC No
952 ## - LOCATION AND ITEM INFORMATION (KOHA)
--
952 ## - LOCATION AND ITEM INFORMATION (KOHA)
--
Holdings
Withdrawn status Lost status Source of classification or shelving scheme Damaged status Not for loan Home library Current library Shelving location Date acquired Source of acquisition Cost, normal purchase price Total Checkouts Full call number Barcode Date last seen Copy number Price effective from Koha item type Uniform Resource Identifier
    Dewey Decimal Classification     College Library College Library Filipiniana 02/15/2007 School Fund 280.00   Fil. 371.4 D326c 2006 CL44261 03/13/2026 c1 03/13/2026 BK - FIL
    Dewey Decimal Classification     College Library College Library Filipiniana 02/15/2007 School Fund 280.00   Fil. 371.4 D326c 2006 CL44262 03/13/2026 c2 03/13/2026 BK - FIL